[Event "Oberliga Ost-A 1920"]
[Site "Germany"]
[Date "2019.09.29"]
[Round "1.5"]
[White "Reipsch, Jens"]
[Black "Guenther, Christian1111"]
[Result "1/2-1/2"]
[WhiteElo "2243"]
[BlackElo "2174"]
[PlyCount "66"]
[EventDate "2019.09.29"]
[EventType "team-tourn"]
[EventRounds "11"]
[EventCountry "GER"]
[SourceTitle "EXT 2021"]
[Source "ChessBase"]
[SourceDate "2020.10.23"]
[SourceVersion "1"]
[SourceVersionDate "2020.10.23"]
[SourceQuality "1"]
[WhiteTeam "Halle USV"]
[BlackTeam "Sangerhausen"]
[WhiteTeamCountry "GER"]
[BlackTeamCountry "GER"]

1. e4 g6 2. d4 Bg7 3. Nf3 d6 4. Bc4 Nf6 5. Qe2 d5 6. exd5 Nxd5 7. 0-0 Nc6 8. c3 0-0 9. Nbd2 Na5 10. Bxd5 Qxd5 11. Qxe7 c6 12. b4 Nc4 13. Qc5 Nb6 14. Nb3 Re8 15. Bd2 Bg4 16. Qxd5 cxd5 17. Rfe1 Nc4 18. Rxe8+ Rxe8 19. Re1 Kf8 20. Rxe8+ Kxe8 21. Bf4 Bxf3 22. gxf3 Kd7 23. Kf1 Kc6 24. Ke2 b6 25. Nd2 Nxd2 26. Kxd2 Kb5 27. Kd3 Bf6 28. h3 Be7 29. Bb8 a6 30. Bc7 Kc6 31. Bf4 Kb5 32. Bc7 Kc6 33. Bf4 Kb5 1/2-1/2

[Event "Oberliga Ost-A 1819"]
[Site "Germany"]
[Date "2019.03.23"]
[Round "8.7"]
[White "Reipsch, Jens"]
[Black "Roemling, Sven"]
[Result "0-1"]
[WhiteElo "2239"]
[BlackElo "2126"]
[PlyCount "104"]
[EventDate "2018.10.21"]
[EventType "team-tourn"]
[EventRounds "11"]
[EventCountry "GER"]
[SourceTitle "EXT 2020"]
[Source "ChessBase"]
[SourceDate "2019.10.17"]
[SourceVersion "1"]
[SourceVersionDate "2019.10.17"]
[SourceQuality "1"]
[WhiteTeam "Halle USV"]
[BlackTeam "Leipzig SG II"]
[WhiteTeamCountry "GER"]
[BlackTeamCountry "GER"]

1. e4 c6 2. d4 d5 3. exd5 cxd5 4. c4 Nf6 5. Nc3 g6 6. cxd5 Bg7 7. Bc4 0-0 8. Nge2 Nbd7 9. Nf4 Nb6 10. Bb3 Bf5 11. 0-0 Rc8 12. Re1 h5 13. h3 a6 14. Qe2 Re8 15. Be3 Qd6 16. Rac1 Red8 17. Bd2 Rc7 18. Qe5 Ne8 19. Qxd6 Nxd6 20. Na4 Rxc1 21. Bxc1 Nxa4 22. Bxa4 Rc8 23. Be3 Nc4 24. Re2 Kf8 25. Bb3 Nd6 26. Re1 Ke8 27. Ne2 Bc2 28. Nc1 Bf6 29. Bf4 Kd7 30. Be5 Nf5 31. d6 Nxd6 32. Bxf6 exf6 33. Bd5 Be4 34. Bxe4 Nxe4 35. Nd3 Nd6 36. Nc5+ Kd8 37. b3 Rc7 38. g4 hxg4 39. hxg4 a5 40. Kf1 f5 41. f3 fxg4 42. fxg4 Nb5 43. Re5 Nxd4 44. Rd5+ Ke7 45. Nxb7 Rxb7 46. Rxd4 Rb4 47. Rd5 a4 48. g5 axb3 49. axb3 Rxb3 50. Kf2 Ke6 51. Ra5 Rd3 52. Ra6+ Rd6 0-1

[Event "Oberliga Ost-A 1718"]
[Site "Germany"]
[Date "2017.12.10"]
[Round "4.4"]
[White "Hoerr, Matthias"]
[Black "Reipsch, Jens"]
[Result "1-0"]
[WhiteElo "2196"]
[BlackElo "2242"]
[PlyCount "95"]
[EventDate "2017.10.22"]
[EventType "team-tourn"]
[EventRounds "11"]
[EventCountry "GER"]
[SourceTitle "EXT 2019"]
[Source "ChessBase"]
[SourceDate "2018.10.10"]
[SourceVersion "1"]
[SourceVersionDate "2018.10.10"]
[SourceQuality "1"]
[WhiteTeam "Plauen Koenig"]
[BlackTeam "Halle USV"]
[WhiteTeamCountry "GER"]
[BlackTeamCountry "GER"]

1. Nf3 d5 2. c4 e6 3. b3 Nf6 4. g3 c5 5. Bg2 Nc6 6. e3 Be7 7. 0-0 0-0 8. Bb2 Qc7 9. Qe2 Rd8 10. Nc3 b6 11. Rfd1 Ba6 12. Nb5 Qd7 13. Rac1 Rac8 14. d4 cxd4 15. Nfxd4 Nxd4 16. Bxd4 Bxb5 17. cxb5 Rxc1 18. Rxc1 Rc8 19. Rxc8+ Qxc8 20. Qb2 Ne8 21. e4 dxe4 22. Bxe4 Bf6 23. Bc6 Qd8 24. Be5 Bxe5 25. Qxe5 Qd6 26. Qe4 Nc7 27. Qa4 Qd1+ 28. Kg2 Nd5 29. h4 h5 30. Qxa7 Nf4+ 31. gxf4 Qg4+ 32. Kf1 Qd1+ 33. Kg2 Qg4+ 34. Kh1 Qxh4+ 35. Kg1 Qg4+ 36. Bg2 Qd1+ 37. Kh2 Qd2 38. Qa8+ Kh7 39. Qe4+ g6 40. Qe3 Qxa2 41. Qxb6 Qxb3 42. Qb7 Kg7 43. Qb8 Qc2 44. Qe5+ Kh7 45. Qe3 Qb2 46. b6 Qb4 47. b7 f6 48. Qc1 1-0

[Event "Oberliga Ost-A 1617"]
[Site "Germany"]
[Date "2017.04.23"]
[Round "9.4"]
[White "Boehm, Robert"]
[Black "Reipsch, Jens"]
[Result "1/2-1/2"]
[WhiteElo "2133"]
[BlackElo "2222"]
[PlyCount "35"]
[EventDate "2016.10.16"]
[EventType "team-tourn"]
[EventRounds "11"]
[EventCountry "GER"]
[SourceTitle "EXT 2018"]
[Source "ChessBase"]
[SourceDate "2017.10.13"]
[SourceVersion "1"]
[SourceVersionDate "2017.10.13"]
[SourceQuality "1"]
[WhiteTeam "Hoyerswerda"]
[BlackTeam "Halle USV"]
[WhiteTeamCountry "GER"]
[BlackTeamCountry "GER"]

1. d4 Nf6 2. c4 c5 3. d5 b5 4. cxb5 a6 5. b6 Qxb6 6. Nc3 d6 7. e4 g6 8. Nf3 Bg7 9. Be2 0-0 10. 0-0 a5 11. Re1 Nfd7 12. Qc2 Ba6 13. Be3 Bxe2 14. Rxe2 Na6 15. Na4 Qb5 16. Nc3 Qb6 17. Na4 Qb5 18. Nc3 1/2-1/2

[Event "Oberliga Ost-A 1617"]
[Site "Germany"]
[Date "2017.03.19"]
[Round "8.4"]
[White "Reipsch, Jens"]
[Black "Haessler, Wolfgang"]
[Result "1-0"]
[WhiteElo "2222"]
[BlackElo "2211"]
[PlyCount "61"]
[EventDate "2016.10.16"]
[EventType "team-tourn"]
[EventRounds "11"]
[EventCountry "GER"]
[SourceTitle "EXT 2018"]
[Source "ChessBase"]
[SourceDate "2017.10.13"]
[SourceVersion "1"]
[SourceVersionDate "2017.10.13"]
[SourceQuality "1"]
[WhiteTeam "Halle USV"]
[BlackTeam "Aue Nickelhuette II"]
[WhiteTeamCountry "GER"]
[BlackTeamCountry "GER"]

1. e4 d5 2. exd5 Qxd5 3. d4 Nc6 4. Be3 e5 5. Nc3 Bb4 6. Qd2 Bxc3 7. bxc3 Nf6 8. c4 Qd6 9. d5 Ne7 10. f3 c6 11. Rd1 0-0 12. Qa5 b6 13. c5 bxa5 14. cxd6 Nexd5 15. Bd2 Rb8 16. a3 Rb2 17. Bd3 Nf4 18. Bxf4 exf4 19. Ne2 Nd5 20. Kf2 Bd7 21. Rb1 Rfb8 22. Rxb2 Rxb2 23. Rc1 c5 24. Be4 Nb6 25. Nxf4 Nc4 26. Nd3 Rb6 27. Nxc5 Rxd6 28. Rb1 g6 29. Bd3 Ne5 30. Rb8+ Kg7 31. Rd8 1-0

[Event "Oberliga Ost-A 1617"]
[Site "Germany"]
[Date "2017.02.19"]
[Round "7.5"]
[White "Niering, Martin"]
[Black "Reipsch, Jens"]
[Result "1/2-1/2"]
[WhiteElo "2226"]
[BlackElo "2222"]
[PlyCount "47"]
[EventDate "2016.10.16"]
[EventType "team-tourn"]
[EventRounds "11"]
[EventCountry "GER"]
[SourceTitle "EXT 2018"]
[Source "ChessBase"]
[SourceDate "2017.10.13"]
[SourceVersion "1"]
[SourceVersionDate "2017.10.13"]
[SourceQuality "1"]
[WhiteTeam "Magdeburg Rochade"]
[BlackTeam "Halle USV"]
[WhiteTeamCountry "GER"]
[BlackTeamCountry "GER"]

1. e4 e5 2. Nf3 Nc6 3. Bc4 Nf6 4. Ng5 d5 5. exd5 Na5 6. Bb5+ c6 7. dxc6 bxc6 8. Be2 h6 9. Nh3 Bc5 10. d3 Nd5 11. Bf3 0-0 12. Nc3 Nxc3 13. bxc3 Qh4 14. Qe2 Bxh3 15. gxh3 e4 16. dxe4 Qxh3 17. Bf4 f5 18. e5 Rae8 19. Rg1 Kh8 20. Rd1 Qh4 21. Bg3 Qe7 22. Bf4 Qh4 23. Bg3 Qe7 24. Bf4 1/2-1/2

[Event "Oberliga Ost-B 1314"]
[Site "Germany"]
[Date "2013.11.24"]
[Round "4.4"]
[White "Reipsch, Jens"]
[Black "Meyner, Hannes"]
[Result "0-1"]
[WhiteElo "2196"]
[BlackElo "2256"]
[PlyCount "58"]
[EventDate "2013.10.13"]
[EventType "team-tourn"]
[EventRounds "11"]
[EventCountry "GER"]
[SourceTitle "EXT 2015"]
[Source "ChessBase"]
[SourceDate "2014.11.20"]
[SourceVersion "1"]
[SourceVersionDate "2014.11.20"]
[SourceQuality "1"]
[WhiteTeam "Halle"]
[BlackTeam "Kassel"]
[WhiteTeamCountry "GER"]
[BlackTeamCountry "GER"]

1. e4 c6 2. d4 d5 3. e5 Bf5 4. Ne2 e6 5. Ng3 Bg6 6. h4 h5 7. Be2 c5 8. c3 Nc6 9. Be3 cxd4 10. Bxd4 Nge7 11. Na3 Nxd4 12. cxd4 Nc6 13. Bxh5 Qa5+ 14. Kf1 Bxh5 15. Nxh5 Qb4 16. Ng3 Nxd4 17. Rb1 Nc6 18. Qe2 Rxh4 19. Rxh4 Qxh4 20. Nb5 Rc8 21. Rc1 a6 22. Nd6+ Bxd6 23. exd6 Qf4 24. Rc3 Kd7 25. Kg1 Rh8 26. Rf3 Qc1+ 27. Nf1 f6 28. Re3 Nd4 29. Qg4 Qxf1+ 0-1

[Event "Oberliga Ost-B 1314"]
[Site "Germany"]
[Date "2013.11.10"]
[Round "3.3"]
[White "Banas, Jan"]
[Black "Reipsch, Jens"]
[Result "0-1"]
[WhiteElo "2310"]
[BlackElo "2196"]
[PlyCount "94"]
[EventDate "2013.10.13"]
[EventType "team-tourn"]
[EventRounds "11"]
[EventCountry "GER"]
[SourceTitle "EXT 2015"]
[Source "ChessBase"]
[SourceDate "2014.11.20"]
[SourceVersion "1"]
[SourceVersionDate "2014.11.20"]
[SourceQuality "1"]
[WhiteTeam "Giessen"]
[BlackTeam "Halle"]
[WhiteTeamCountry "GER"]
[BlackTeamCountry "GER"]

1. c4 e5 2. Nc3 Nc6 3. Nf3 Nf6 4. e3 d5 5. cxd5 Nxd5 6. Bb5 Nxc3 7. bxc3 Bd6 8. d4 exd4 9. cxd4 0-0 10. 0-0 a6 11. Be2 Qe7 12. Bb2 b5 13. a4 Rb8 14. axb5 axb5 15. Qb1 Re8 16. Bd3 Bb7 17. Bxh7+ Kh8 18. Bd3 Nxd4 19. exd4 Bxf3 20. g3 Bb4 21. Qc2 Qd7 22. Rfc1 Bd5 23. Bf1 Qg4 24. Bg2 Bxg2 25. Kxg2 Re2 26. Qxc7 Rbe8 27. Qc6 R8e6 28. Qa8+ Kh7 29. Rab1 Be1 30. Rxe1 Rxe1 31. Rxe1 Rxe1 32. Bc3 Qe4+ 33. Qxe4+ Rxe4 34. Kf3 f5 35. h3 g6 36. g4 Kg7 37. gxf5 gxf5 38. Kg3 Kg6 39. f3 Re2 40. d5 Rc2 41. Bb4 Rc4 42. Be7 b4 43. d6 Kf7 44. Bg5 Ke6 45. Bf4 b3 46. d7 Kxd7 47. Be5 Ke6 0-1

[Event "Albena Masters op"]
[Site "Albena"]
[Date "2013.06.05"]
[Round "5"]
[White "Nabaty, Tamir"]
[Black "Reipsch, Jens"]
[Result "1-0"]
[WhiteElo "2579"]
[BlackElo "2221"]
[PlyCount "71"]
[EventDate "2013.06.01"]
[EventType "swiss"]
[EventRounds "9"]
[EventCountry "BUL"]
[SourceTitle "CBM 154 Extra"]
[Source "ChessBase"]
[SourceDate "2013.06.25"]
[SourceVersion "2"]
[SourceVersionDate "2013.06.25"]
[SourceQuality "1"]

1. d4 Nf6 2. Bg5 Ne4 3. Bh4 d5 4. f3 Nd6 5. Nc3 Nf5 6. Bf2 e6 7. e4 Nh4 8. Qd2 Bb4 9. 0-0-0 c6 10. a3 Ba5 11. g3 Ng6 12. h4 b5 13. h5 Nf8 14. h6 g6 15. Qe3 b4 16. Na4 bxa3 17. Qxa3 Nfd7 18. Nh3 Na6 19. Be1 Rb8 20. Bxa6 Bxa6 21. Nc5 Bxe1 22. Rhxe1 Bc8 23. exd5 Nxc5 24. dxc5 cxd5 25. Nf4 Bb7 26. c6 Bxc6 27. Nxe6 fxe6 28. Rxe6+ Kf7 29. Rxc6 Rb7 30. Qc3 Rg8 31. Qe5 Re7 32. Rf6+ Ke8 33. Re6 Qd7 34. Rxe7+ Qxe7 35. Qxd5 Rf8 36. Qc6+ 1-0

[Event "Albena Masters op"]
[Site "Albena"]
[Date "2012.05.29"]
[Round "4"]
[White "Gutov, Andrey"]
[Black "Reipsch, Jens"]
[Result "1-0"]
[WhiteElo "2421"]
[BlackElo "2234"]
[PlyCount "109"]
[EventDate "2012.05.26"]
[EventType "swiss"]
[EventRounds "9"]
[EventCountry "BUL"]
[SourceTitle "CBM 148 Extra"]
[Source "ChessBase"]
[SourceDate "2012.06.22"]
[SourceVersion "1"]
[SourceVersionDate "2012.06.22"]
[SourceQuality "1"]

1. e4 e5 2. Nf3 Nc6 3. d4 exd4 4. Bc4 Nf6 5. e5 d5 6. Bb5 Ne4 7. Nxd4 Bd7 8. Bxc6 bxc6 9. 0-0 Bc5 10. f3 Ng5 11. f4 Ne4 12. Be3 Bb6 13. Nc3 Qe7 14. Nxe4 dxe4 15. Qe2 0-0 16. Rae1 Rae8 17. Qc4 Qc5 18. Qxc5 Bxc5 19. Nb3 Bb6 20. c4 Bxe3+ 21. Rxe3 f5 22. Nc5 Bc8 23. Rd1 Rd8 24. Ree1 Kf7 25. Kf2 Ke7 26. Ke3 Rxd1 27. Rxd1 Rd8 28. Rf1 Be6 29. b3 g6 30. h3 h5 31. h4 Bc8 32. Ke2 Be6 33. Rc1 a5 34. Rc3 Ra8 35. Kd2 Rd8+ 36. Kc2 Ra8 37. a4 Rd8 38. Rg3 Bf7 39. Re3 Be8 40. Nb7 Ra8 41. Nc5 Rd8 42. Re1 Ra8 43. Kc3 Rd8 44. Rb1 Bf7 45. Re1 Be8 46. Kc2 Ra8 47. Rd1 Rb8 48. Kc3 Ra8 49. b4 axb4+ 50. Kxb4 Rb8+ 51. Kc3 Ra8 52. g3 Ra5 53. Kb4 Ra8 54. a5 Rb8+ 55. Kc3 1-0

[Event "BL2-Nord 1112"]
[Site "Germany"]
[Date "2012.03.18"]
[Round "8.5"]
[White "Ribic, Kasmir"]
[Black "Reipsch, Jens"]
[Result "1/2-1/2"]
[WhiteElo "2302"]
[BlackElo "2217"]
[PlyCount "25"]
[EventDate "2011.10.02"]
[EventType "team-tourn"]
[EventRounds "9"]
[EventCountry "GER"]
[SourceTitle "EXT 2015"]
[Source "ChessBase"]
[SourceDate "2014.11.20"]
[SourceVersion "1"]
[SourceVersionDate "2014.11.20"]
[SourceQuality "1"]
[WhiteTeam "Zehlendorf"]
[BlackTeam "Halle Volksbank"]
[WhiteTeamCountry "GER"]
[BlackTeamCountry "GER"]

1. d4 Nf6 2. c4 c5 3. Nf3 cxd4 4. Nxd4 e5 5. Nb5 d5 6. cxd5 Bc5 7. N5c3 0-0 8. e3 e4 9. Be2 Qe7 10. Nd2 Rd8 11. Qc2 Bf5 12. Nb3 Nxd5 13. Nxd5 1/2-1/2

[Event "GER-ch 83rd"]
[Site "Osterburg"]
[Date "2012.03.03"]
[Round "2"]
[White "Reipsch, Jens"]
[Black "Bluebaum, Matthias"]
[Result "0-1"]
[WhiteElo "2217"]
[BlackElo "2407"]
[PlyCount "88"]
[EventDate "2012.03.02"]
[EventType "swiss"]
[EventRounds "9"]
[EventCountry "GER"]
[SourceTitle "CBM 147 Extra"]
[Source "ChessBase"]
[SourceDate "2012.04.24"]
[SourceVersion "1"]
[SourceVersionDate "2012.04.24"]
[SourceQuality "1"]

1. e4 e6 2. d4 d5 3. Nc3 Nf6 4. Bg5 dxe4 5. Nxe4 Be7 6. Nxf6+ Bxf6 7. Bxf6 Qxf6 8. Nf3 0-0 9. c3 b6 10. Bd3 Bb7 11. Qe2 Bxf3 12. gxf3 Nd7 13. 0-0-0 Rad8 14. h4 c5 15. Bc2 cxd4 16. cxd4 Qh6+ 17. Qe3 Nf6 18. Qxh6 gxh6 19. f4 Rd5 20. f5 exf5 21. Bb3 Rd7 22. Rhg1+ Kh8 23. Rge1 Rfd8 24. Re5 Rxd4 25. Rxf5 Rxd1+ 26. Bxd1 Kg7 27. Rf4 Re8 28. a4 Re4 29. Rxe4 Nxe4 30. Kc2 Nxf2 31. Bf3 Kf6 32. Kc3 Ke5 33. Kc4 f5 34. Kb5 Nd3 35. b4 Kd6 36. a5 Kc7 37. Be2 Ne5 38. Ka6 Nc6 39. Bd3 Nxb4+ 40. Kxa7 Nxd3 41. axb6+ Kd7 42. b7 Nb4 43. Kb6 Nc6 44. Kc5 Kc7 0-1